| 000 | 00671cam a2200229 a 4500 | ||
|---|---|---|---|
| 001 | 000012961 | ||
| 003 | DO-SdBNP | ||
| 005 | 20251127093956.0 | ||
| 008 | 820309s1941 ag 000 0 spa | ||
| 035 | _a(DLC) 42008972 | ||
| 040 |
_aDO-SdBNP _bspa _cBNPHU |
||
| 082 | 4 |
_a345.82 _bJ61c |
|
| 100 | 1 |
_a Jiménez de Asúa, Luis, _d1889-1970. _929873 |
|
| 245 | 1 | 3 |
_aEl criminalista / _cLuis Jiménez de Asua. |
| 260 |
_aBuenos Aires : _bLa Ley, _c1941. |
||
| 300 |
_a1v. _c21 cm. |
||
| 650 | 0 |
_aDerecho penal _zArgentina. _917405 |
|
| 650 | 0 |
_aCrimen _zArgentina _929875 |
|
| 650 | 4 |
_aProstitución _929876 |
|
| 910 | _aCatalogación por copia / LC | ||
| 942 |
_2ddc _cLBS1 |
||
| 999 |
_c12609 _d12609 |
||